LEADER 01210nam a2200241 i 4500 001 000000182322 003 CaOOAMICUS 005 20091020000000.0 008 091020s1956 it u000 u ita u 013 $a160263 040 $aSeMil$bita 100 1 $aCerulli, Enrico,$d<1898-1988>.$0(OLS)http://semarc/name/9803 245 10$a[Versio] /$cTradotti da Enrico Cerulli. 300 $aXVI, 57 p. 490 0 $aCorpus Scriptorum Christianorum Orientalium ;$vVol.164. , Scriptores Aethiopici ; Tomus 34 490 0 $aCorpus Scriptorum Christianorum Orientalium. Scriptores Aethiopici ;$v34 773 0 $aCerulli, Enrico <1898-1988>$tAtti di Krestos Samra.$dLouvain : CorpusSCO, 1956.$kCorpus Scriptorum Christianorum Orientalium. Scriptores Aethiopici$w()22196 830 0$aCorpus Scriptorum Christianorum Orientalium ;$vVol.164. , Scriptores Aethiopici ; Tomus 34.$0(OLS)http://semarc/title/77 830 0$aCorpus Scriptorum Christianorum Orientalium. Scriptores Aethiopici ;$v34.$0(OLS)http://semarc/title/20661 850 $aSeMil 852 $aSeMil$W1$xVenegono$y1$m2S III 164$j133026$B133026$CSeMilBibl$Z2$F144803 $81 961 $aOmaggio: Altro 996 $6245$a[Versio]$9(OLS)http://semarc/title/55529 LEADER 01023nam a2200241 4500 001 000000344953 003 CaOOAMICUS 005 20210406145328.0 008 210317s2013 it 000 u ita r 020 $a978-88-6240-179-1 040 $aSeMil$bita 100 1 $aElli, Alberto.$0(OLS)http://semarc/name/88677 245 10$aDall'Egitto ho chiamato mio figlio :$bla fuga in Egitto della Sacra Famiglia /$cAlberto Elli. 264 1$aMilano :$bETS,$c2013. 300 $a58 p. ;$c21 cm 650 4$aSacra Famiglia - Fuga in Egitto.$0(OLS)http://semarc/subject/48319 850 $aSeMil 852 $aSeMil$W1$xVenegono$y1$m2V I 362$j269058$B236015$CSeMilBibl$Z2$F236015 $81 961 $aPerego don Stefano - Omaggio 996 $6020$a978-88-6240-179-1$9(OLS)http://semarc/number/292670 996 $6245$aDall'Egitto ho chiamato mio figlio :$bla fuga in Egitto della Sacra Famiglia$9(OLS)http://semarc/title/434055 996 $6264$aMilano :$bETS$9(OLS)http://semarc/publisher/56442